000 01358cab a2200289 4500
001 ABS67411
008 040203n2004 000 0 eng u
035 _a(Sirsi) u125012
100 _aStevenson, N.
245 _aSpecial report: Auctions
260 _c2004
490 _aProperty Week
_v68(1/2) 9 January 2004, 41-50(6)
520 _aThe first article recounts a day spent with veteran investor in the auctions market, John Dunsdon. The second article discusses how private buyers are becoming more knowledgeable about the spread of property types and lot sizes they are looking to buy at auction. Final article reports on how 2003 has been a success story for auctions, as steady base rates and government REIT announcement pushed down yields. Outlines data from the Auction Results Analysis Service (ARAS) compiled by Jones Lang LaSalle and IPD, for the retail industrial and office markets. Graphs.
590 _aABS
650 _aARAS
650 _aYIELDS
650 _aRETAIL YIELDS
650 _aINDUSTRIAL YIELDS
650 _aOFFICE YIELDS
650 _aAuctioneering
_96218
650 _aAUCTION MARKET
650 _aJONES LANG LASALLE
650 _aIPD
650 _aPROPERTY-PROPERTY FINANCE AND INVESTMENT-REAL ESTATE INVESTMENT TRUSTS
690 _aPROPERTY-COMMERCIAL PROPERTY-COMMERCIAL PROPERTY MARKET
942 _n0
999 _c74109
_d74109